Jeffs by Picture - Statistics

General Stats
  • This quiz has been taken 37 times
  • The average score is 7 of 15
Answer Stats
Picture Answer % Correct
Jeff Bezos
94%
Jeffrey Dahmer
83%
Jeff Goldblum
78%
Jeffrey Epstein
78%
Jeff Bridges
58%
Jeff Daniels
50%
Jeff Foxworthy
44%
Geoffrey Rush
31%
Jeff Beck
31%
Jeffrey Tambor
31%
Jeff Buckley
25%
Jeff Dunham
22%
Jeffrey Dean Morgan
19%
Jeff Hardy
17%
Jeffrey Sachs
0%
No matching quizzes found
Score Distribution
Percent of People with Each Score
Percentile by Number Answered
Your Score History
You have not taken this quiz